[Event "Pyramiden Cup 2015"]
[Site "Fuerth"]
[Date "2015.09.06"]
[Round "7.37"]
[White "Weber, Bernhard"]
[Black "Bildt, Thomas"]
[Result "1/2-1/2"]
[WhiteElo "1899"]
[BlackElo "2000"]
[PlyCount "74"]
[EventDate "2015.??.??"]
[WhiteTeam "SG Siebengebirge"]
[BlackTeam "SK Zirndorf"]

1. e4 e5 2. Nf3 Nc6 3. Bb5 a6 4. Ba4 Nf6 5. d4 Nxe4 6. Qe2 f5 7. Nxe5 Nxe5 8.
dxe5 Bc5 9. Be3 Bxe3 10. Qxe3 O-O 11. Bb3+ Kh8 12. O-O Qe7 13. f4 d6 14. exd6
Qxd6 15. Nc3 Qc5 16. Rae1 Qxe3+ 17. Rxe3 Nd2 18. Rd1 Nxb3 19. axb3 h6 20. Re7
b5 21. Rxc7 Be6 22. Rd6 Rfe8 23. Kf2 Rad8 24. Rcc6 Bc8 25. Ne2 Bb7 26. Rxd8
Rxd8 27. Rb6 Be4 28. c4 Rd2 29. cxb5 axb5 30. Rxb5 Rxb2 31. g3 Bd3 32. Re5 Bxe2
33. Rxe2 Rxb3 34. Re5 Rb2+ 35. Kg1 g6 36. Re7 Kg8 37. Ra7 Rc2 1/2-1/2

[Event "Pyramiden Cup 2015"]
[Site "Fuerth"]
[Date "2015.09.06"]
[Round "7.39"]
[White "Weber, Alexander"]
[Black "Gradl, Winfried"]
[Result "1/2-1/2"]
[WhiteElo "1801"]
[BlackElo "1993"]
[PlyCount "118"]
[EventDate "2015.??.??"]
[WhiteTeam "SC Erlangen"]
[BlackTeam "TuS Fürstenfeldbruck"]

1. b3 d5 2. Bb2 Nf6 3. e3 c6 4. c4 Bf5 5. d3 e6 6. Nc3 h6 7. Nge2 Nbd7 8. Ng3
Bh7 9. d4 Bd6 10. Bd3 Bxd3 11. Qxd3 O-O 12. f4 Ng4 13. Nce2 f5 14. h3 Ngf6 15.
c5 Be7 16. b4 Ne4 17. Nxe4 fxe4 18. Qd2 a5 19. a3 axb4 20. axb4 b5 21. Rxa8
Qxa8 22. O-O Qb7 23. g3 Ra8 24. Nc3 Bf6 25. Qf2 Nf8 26. Kh2 Qd7 27. Ra1 Rxa1
28. Bxa1 Qa7 29. Qa2 Qxa2+ 30. Nxa2 g5 31. Bc3 Kf7 32. Nc1 Nd7 33. Ne2 Kg6 34.
Bd2 Nf8 35. Nc1 Kf7 36. Nb3 Ng6 37. Na5 Ne7 38. Nb7 gxf4 39. gxf4 Ke8 40. Be1
Kd7 41. Nd6 Ng6 42. Nf7 h5 43. Ne5+ Bxe5 44. fxe5 Ne7 45. Kg3 Ng6 46. Bf2 Ke7
47. Kg2 Kf7 48. Kg3 Kg7 49. Kg2 Kh6 50. Kg3 Kg5 51. Kg2 Ne7 52. Kg3 Ng6 53. Kg2
Kf5 54. Kg3 Nh8 55. Kg2 Nf7 56. Bh4 Nh6 57. Bf6 Nf7 58. Kg3 Nh6 59. Kg2 Nf7
1/2-1/2

[Event "Pyramiden Cup 2015"]
[Site "Fuerth"]
[Date "2015.09.06"]
[Round "7.40"]
[White "Weissmann, Peter"]
[Black "Hartmann, Thomas"]
[Result "0-1"]
[WhiteElo "1795"]
[BlackElo "2039"]
[PlyCount "58"]
[EventDate "2015.??.??"]
[WhiteTeam "SK Zirndorf"]
[BlackTeam "SC WD Ulm"]

1. e4 d5 2. exd5 Nf6 3. Be2 g6 4. b3 Qxd5 5. Nf3 Bg7 6. Bb2 O-O 7. c4 Qd8 8. d4
c5 9. d5 e6 10. dxe6 Qxd1+ 11. Bxd1 Bxe6 12. O-O Nc6 13. a3 Rad8 14. Bc2 Nh5
15. Bxg7 Kxg7 16. Nc3 Bg4 17. Be4 Bxf3 18. Bxf3 Rd3 19. Rac1 Nf4 20. Rfd1 Nd4
21. Rxd3 Nxd3 22. Rd1 Ne5 23. Bxb7 Rb8 24. b4 Rxb7 25. bxc5 Ne6 26. Ne4 Nxc4
27. Nd6 Nxd6 28. cxd6 Rd7 29. Kf1 Kf6 0-1

[Event "Pyramiden Cup 2015"]
[Site "Fuerth"]
[Date "2015.09.06"]
[Round "7.41"]
[White "Adler, Herbert"]
[Black "Schroeder, Stefan"]
[Result "1-0"]
[WhiteElo "2001"]
[BlackElo "1791"]
[PlyCount "69"]
[EventDate "2015.??.??"]
[WhiteTeam "SG Büchenbach/Roth"]
[BlackTeam "SG Airb. Heli."]

1. d4 Nf6 2. Nf3 d5 3. g3 e6 4. c4 c6 5. Bg2 Nbd7 6. Qc2 Bb4+ 7. Bd2 Bxd2+ 8.
Nbxd2 O-O 9. O-O Re8 10. Rfd1 Qe7 11. e4 dxe4 12. Nxe4 Nxe4 13. Qxe4 Nf6 14.
Qc2 Rd8 15. c5 Nd5 16. Ne5 Bd7 17. Nc4 Be8 18. a3 f6 19. Re1 Nc7 20. Nd6 Nb5
21. Nxb5 cxb5 22. d5 Rac8 23. b4 Bf7 24. Qe2 e5 25. Rad1 Qd7 26. Qf1 Ra8 27. c6
bxc6 28. dxc6 Qc7 29. Qxb5 Rab8 30. Qc5 Be6 31. b5 Bb3 32. Bd5+ Bxd5 33. Rxd5
Kf7 34. Red1 Qa5 35. c7 1-0

[Event "Pyramiden Cup 2015"]
[Site "Fuerth"]
[Date "2015.09.06"]
[Round "7.42"]
[White "Kornitzky, Tino"]
[Black "Leis, Stefan"]
[Result "0-1"]
[WhiteElo "1717"]
[BlackElo "1998"]
[PlyCount "92"]
[EventDate "2015.??.??"]
[WhiteTeam "SC Bamberg"]
[BlackTeam "SC Mühlh.-Reichelsdorf"]

1. d4 Nf6 2. c4 c5 3. d5 b5 4. cxb5 a6 5. Nc3 axb5 6. e4 b4 7. Nb5 d6 8. Bf4
Na6 9. Nf3 Nh5 10. Bg5 h6 11. Be3 g6 12. e5 Bg7 13. exd6 exd6 14. Qd2 Kf8 15.
Bc4 Nc7 16. O-O Kg8 17. Rfe1 Kh7 18. Bf4 Nxb5 19. Bxb5 Nxf4 20. Qxf4 Qf6 21.
Qg3 Ba6 22. Bc6 Rad8 23. b3 Qxa1 24. Rxa1 Bxa1 25. Qh4 Kg7 26. Qe7 Bf6 27. Qa7
Bd3 28. Ne1 Be2 29. Nc2 h5 30. f3 Bd3 31. Ne1 Bd4+ 32. Kh1 Bf5 33. Qa6 Rhe8 34.
Bxe8 Rxe8 35. g4 Rxe1+ 36. Kg2 hxg4 37. fxg4 Be4+ 38. Kg3 Be5+ 39. Kf2 Rh1 40.
Qc4 Rxh2+ 41. Ke3 f5 42. gxf5 Bxf5 43. Qa6 Kf6 44. Qa8 Kg5 45. a3 Kg4 46. axb4
Bd4# 0-1

[Event "Pyramiden Cup 2015"]
[Site "Fuerth"]
[Date "2015.09.06"]
[Round "7.43"]
[White "Hirn, Thomas"]
[Black "Suess, Helmut"]
[Result "0-1"]
[WhiteElo "1488"]
[BlackElo "1959"]
[PlyCount "80"]
[EventDate "2015.??.??"]
[WhiteTeam "TuS Fürstenfeldbruck"]
[BlackTeam "SC NT Nürnberg"]

1. e4 c6 2. d4 d5 3. Nc3 dxe4 4. Nxe4 Bf5 5. Ng3 Bg6 6. Nf3 e6 7. Be2 Nd7 8.
O-O Bd6 9. c4 Ngf6 10. Bg5 Qc7 11. Qb3 h6 12. Bd2 O-O 13. Rae1 Qb6 14. Bd1 Qxb3
15. Bxb3 Bd3 16. Ne2 Ne4 17. c5 Bc7 18. Kh1 Nxd2 19. Nxd2 Ba5 20. Bc4 Bxd2 21.
Bxd3 Bxe1 22. Rxe1 Nf6 23. f3 Rfd8 24. Rd1 Nd5 25. a4 Rd7 26. b3 Rad8 27. Kg1
g5 28. g3 Kg7 29. Kf2 f5 30. f4 Nb4 31. Bc4 Kf6 32. Rd2 a5 33. Kf3 Rg7 34. h3
Rdg8 35. fxg5+ hxg5 36. g4 Rh8 37. Ng1 Rgh7 38. Re2 Re7 39. Re5 Nc2 40. Ne2
Nxd4+ 0-1

[Event "Pyramiden Cup 2015"]
[Site "Fuerth"]
[Date "2015.09.06"]
[Round "7.45"]
[White "Siewert, Wolfgang"]
[Black "Reuter, Roland"]
[Result "0-1"]
[WhiteElo "1759"]
[BlackElo "2000"]
[PlyCount "72"]
[EventDate "2015.??.??"]
[WhiteTeam "vereinslos"]
[BlackTeam "SK Schwabach"]

1. b3 d5 2. Bb2 Nf6 3. Nf3 Bf5 4. g3 c5 5. Bg2 Nc6 6. O-O Qd7 7. d3 h5 8. Nh4
e5 9. Nxf5 Qxf5 10. f4 e4 11. e3 O-O-O 12. h4 Kb8 13. d4 Be7 14. Ba3 Qg6 15.
Qe1 cxd4 16. Bxe7 Nxe7 17. Bh3 dxe3 18. Qxe3 Nf5 19. Bxf5 Qxf5 20. Kg2 d4 21.
Qe2 Ng4 22. Re1 Rhe8 23. Nd2 Ne3+ 24. Kh2 Nxc2 25. Rac1 Nxe1 26. Rxe1 e3 27.
Nc4 Re6 28. Qd1 Rd5 29. Ne5 f6 30. Nd3 a5 31. Qe2 Rc6 32. Rg1 Rc3 33. Ne1 Qe4
34. Rg2 d3 35. Qb2 Rdc5 36. Qb1 f5 0-1

[Event "Pyramiden Cup 2015"]
[Site "Fuerth"]
[Date "2015.09.06"]
[Round "7.46"]
[White "Hirn, Oskar"]
[Black "Milov, Leonid"]
[Result "0-1"]
[WhiteElo "2212"]
[BlackElo "2471"]
[PlyCount "114"]
[EventDate "2015.??.??"]
[WhiteTeam "SC NT Nürnberg"]
[BlackTeam "SC NT Nürnberg"]

1. d4 Nf6 2. Nf3 c5 3. e3 g6 4. Bd3 Bg7 5. O-O O-O 6. c3 d5 7. Nbd2 Nfd7 8. e4
cxd4 9. Nxd4 Nc5 10. Bc2 Nc6 11. N4b3 Na4 12. exd5 Qxd5 13. Be4 Qb5 14. Nf3 Bg4
15. h3 Rfd8 16. Qc2 Bf5 17. Bxf5 Qxf5 18. Qxf5 gxf5 19. Rb1 Rd5 20. Bg5 h6 21.
Be3 e5 22. c4 Rd3 23. Nc1 Rd7 24. g3 f4 25. gxf4 exf4 26. Bxf4 Nxb2 27. Bxh6
Nxc4 28. Bxg7 Kxg7 29. Nb3 b6 30. Rbc1 N6e5 31. Nxe5 Nxe5 32. Rc3 Rad8 33. Re1
Kf6 34. Kg2 Nd3 35. Re3 Nf4+ 36. Kh2 Ng6 37. a3 Ne5 38. Kg2 Rd1 39. Nc1 Rg8+
40. Rg3 Rxg3+ 41. Kxg3 Rd2 42. h4 Rd4 43. Ne2 Rg4+ 44. Kh3 Ra4 45. Ng3 Nc4 46.
h5 b5 47. Rf3+ Kg7 48. Rf5 Nxa3 49. Rg5+ Kh6 50. Rf5 Kg7 51. Rg5+ Kh8 52. Rf5
b4 53. Rxf7 Ra5 54. Nf5 b3 55. Rf8+ Kh7 56. Rf7+ Kg8 57. Nh6+ Kh8 0-1

[Event "Pyramiden Cup 2015"]
[Site "Fuerth"]
[Date "2015.09.06"]
[Round "7.47"]
[White "Moenius, Oliver"]
[Black "Birkmann, Guenther"]
[Result "0-1"]
[WhiteElo "1725"]
[BlackElo "2054"]
[PlyCount "110"]
[EventDate "2015.??.??"]
[WhiteTeam "SC Höchstadt/Aisch"]
[BlackTeam "SK Zirndorf"]

1. e4 c5 2. Nf3 e6 3. d4 cxd4 4. Nxd4 a6 5. c4 Nf6 6. Nc3 Qc7 7. Be3 Bb4 8. Qc2
d5 9. exd5 exd5 10. Qa4+ Nc6 11. Nxc6 Bxc3+ 12. bxc3 bxc6 13. Qa3 Qe7 14. Qc5
Qxc5 15. Bxc5 Ne4 16. Bd4 O-O 17. cxd5 Re8 18. Be3 cxd5 19. Bd3 Nxc3 20. O-O
Be6 21. Rfe1 Red8 22. a4 Bd7 23. a5 Bb5 24. Bf5 Re8 25. Bd2 Ne2+ 26. Rxe2 Rxe2
27. Be3 g6 28. Bg4 Rc2 29. Rd1 Ra2 30. Bb6 Re8 31. h3 Bc4 32. Bf3 Re7 33. Kh2
Rd7 34. Kg3 Ra3 35. Kf4 f6 36. h4 Kf7 37. Bg4 f5 38. Bf3 Bb3 39. Rd2 Ra2 40.
Rd3 Ra4+ 41. Ke5 Bc4 42. Bxd5+ Rxd5+ 43. Rxd5 Bxd5 44. Kxd5 Rxh4 45. Kc6 Ke6
46. Kb7 Kd5 47. Kxa6 Kc6 48. Ka7 Ra4 49. Kb8 h5 50. Kc8 g5 51. Kd8 h4 52. Ke7
g4 53. Kd8 h3 54. gxh3 gxh3 55. Bc7 f4 0-1

[Event "Pyramiden Cup 2015"]
[Site "Fuerth"]
[Date "2015.09.06"]
[Round "7.48"]
[White "Herlan, Klaus-Juergen"]
[Black "Wettermann, Bernd"]
[Result "1-0"]
[WhiteElo "1961"]
[BlackElo "1771"]
[PlyCount "47"]
[EventDate "2015.??.??"]
[WhiteTeam "SK Marmstorf"]
[BlackTeam "FC Konradsreuth"]

1. d4 Nf6 2. Nc3 d5 3. Bg5 e6 4. e4 Be7 5. e5 Nfd7 6. h4 c5 7. Bxe7 Qxe7 8. Nb5
O-O 9. Nc7 cxd4 10. Nxa8 Qb4+ 11. Qd2 Qxb2 12. Rc1 Nc6 13. Nf3 Nc5 14. Bd3 Bd7
15. Nc7 Rc8 16. Nb5 Ne4 17. Bxe4 dxe4 18. Nfxd4 Nxe5 19. Nd6 Rc7 20. O-O Ba4
21. Nxe4 Qxa2 22. Nc3 Qc4 23. Nxa4 Qxa4 24. Ra1 1-0

[Event "Pyramiden Cup 2015"]
[Site "Fuerth"]
[Date "2015.09.06"]
[Round "7.49"]
[White "Navratil, Robert"]
[Black "Bitter, Frank"]
[Result "1-0"]
[WhiteElo "2121"]
[BlackElo "1914"]
[PlyCount "49"]
[EventDate "2015.??.??"]
[WhiteTeam "ASK Salzburg"]
[BlackTeam "SC WD Ulm"]

1. g3 e5 2. Bg2 d5 3. c4 c6 4. cxd5 cxd5 5. d4 e4 6. f3 f5 7. Nh3 Nf6 8. O-O
Be7 9. Bg5 Qb6 10. Nc3 Be6 11. Nf4 Nbd7 12. e3 O-O 13. fxe4 fxe4 14. Qb3 Qxb3
15. axb3 Bf7 16. Bh3 Nb6 17. Ne6 Bxe6 18. Bxe6+ Kh8 19. Bxf6 Bxf6 20. Bxd5 Bg5
21. Bxb7 Bxe3+ 22. Kg2 Rxf1 23. Rxf1 Rb8 24. d5 Kg8 25. Bc6 1-0

[Event "Pyramiden Cup 2015"]
[Site "Fuerth"]
[Date "2015.09.06"]
[Round "7.50"]
[White "Cordts, Elof"]
[Black "Kuespert, Helmut"]
[Result "0-1"]
[WhiteElo "1787"]
[BlackElo "1934"]
[PlyCount "87"]
[EventDate "2015.??.??"]
[WhiteTeam "SC Erlangen"]
[BlackTeam "1.FC Marktleuthen"]

1. c4 Nf6 2. Nc3 c5 3. Nf3 b6 4. d3 Bb7 5. e4 d6 6. Be2 e6 7. O-O Be7 8. Bg5 a6
9. Rb1 Nbd7 10. Qd2 h6 11. Bxf6 Bxf6 12. b4 Qc7 13. Rfd1 O-O 14. h3 Rfd8 15.
Ne1 Rac8 16. Nc2 cxb4 17. Nxb4 b5 18. f3 a5 19. Nc2 bxc4 20. Nb5 Qb6+ 21. Kh1
cxd3 22. Bxd3 Nc5 23. Ne3 d5 24. exd5 exd5 25. Ng4 Nxd3 26. Qxd3 Ba6 27. a4 Rc4
28. Qa3 Bg5 29. Nd4 Rb4 30. Rxb4 axb4 31. Qa2 Bc4 32. Qb2 Ra8 33. Nf5 f6 34.
Ne7+ Kf7 35. Nxd5 Bxd5 36. Rxd5 Rc8 37. Rd7+ Kg8 38. Qb3+ Kh8 39. h4 Bxh4 40.
Qb1 Bg3 41. Nxh6 Qe3 42. Nf7+ Kg8 43. Rd8+ Rxd8 44. Nxd8 0-1

[Event "Pyramiden Cup 2015"]
[Site "Fuerth"]
[Date "2015.09.06"]
[Round "7.51"]
[White "Roeckl, Adelbert"]
[Black "Nagel, Felix"]
[Result "0-1"]
[WhiteElo "1587"]
[BlackElo "1784"]
[PlyCount "138"]
[EventDate "2015.??.??"]
[WhiteTeam "Zabo-Eintracht Nbg"]
[BlackTeam "SC And Nbg"]

1. d4 d5 2. Bf4 Bf5 3. Nf3 Nf6 4. e3 e6 5. Nbd2 Be7 6. h3 h6 7. Be2 O-O 8. O-O
c5 9. c3 Nc6 10. Ne5 Bd6 11. Nxc6 bxc6 12. Bxd6 Qxd6 13. dxc5 Qxc5 14. Nb3 Qb6
15. Qd4 Rfb8 16. f3 Nd7 17. f4 c5 18. Qd2 c4 19. Nd4 Qxb2 20. Qxb2 Rxb2 21.
Nxf5 Rxe2 22. Ne7+ Kf8 23. Nc6 Rxe3 24. Rf3 Rxf3 25. gxf3 a5 26. Rb1 Ra6 27.
Nb8 Nxb8 28. Rxb8+ Ke7 29. Kf2 Ra7 30. Ke3 Kd6 31. Kd4 Kc7 32. Rf8 Kc6 33. Rc8+
Kb6 34. Rb8+ Rb7 35. Ra8 g6 36. a4 Ra7 37. Rb8+ Kc6 38. Rc8+ Rc7 39. Ra8 Rb7
40. Rxa5 Rb1 41. Ra7 Rd1+ 42. Ke3 Rd3+ 43. Ke2 Rxc3 44. Kd2 Rxf3 45. Rxf7 Rxh3
46. Rf6 Kd7 47. Rxg6 Ra3 48. Rxh6 Rxa4 49. Rh7+ Kd6 50. Rh6 Ke7 51. Rh7+ Kf6
52. Rc7 Kf5 53. Rf7+ Ke4 54. Re7 Ra6 55. Rf7 Rc6 56. f5 exf5 57. Re7+ Kf4 58.
Kc3 Rd6 59. Re8 d4+ 60. Kd2 Kf3 61. Re5 f4 62. Re8 c3+ 63. Kd3 Rc6 64. Re1 c2
65. Rf1+ Kg2 66. Rc1 f3 67. Kd2 f2 68. Ke2 d3+ 69. Kd2 Rc8 0-1

[Event "Pyramiden Cup 2015"]
[Site "Fuerth"]
[Date "2015.09.06"]
[Round "7.52"]
[White "Shen, Julian"]
[Black "Weber, Andreas"]
[Result "1-0"]
[WhiteElo "1815"]
[BlackElo "1776"]
[PlyCount "87"]
[EventDate "2015.??.??"]
[WhiteTeam "SK Rothenburg"]
[BlackTeam "SC Flörsheim"]

1. e4 e5 2. Nc3 f5 3. exf5 Nf6 4. g4 Bc5 5. g5 O-O 6. gxf6 Qxf6 7. Qf3 Qe7 8.
d3 d5 9. Qxd5+ Kh8 10. Ne4 Bb4+ 11. c3 c6 12. Qb3 Ba5 13. Bg5 Qc7 14. Bh3 Bxf5
15. Bxf5 Rxf5 16. Qe6 Rf8 17. Qd6 Qc8 18. Qxe5 Bc7 19. Qd4 c5 20. Qa4 Qf5 21.
O-O-O h6 22. Be3 Nd7 23. Ne2 Nb6 24. Qc2 Rac8 25. Bxc5 Rfd8 26. Rhg1 Nd7 27.
Bd4 Rg8 28. Rg2 Ne5 29. Bxe5 Qxe5 30. Rdg1 b5 31. Qb3 a5 32. a3 b4 33. axb4
axb4 34. Qxb4 Rb8 35. Qc5 Qe6 36. Nd4 Bf4+ 37. Kc2 Qa6 38. Qa3 Qb7 39. Ne6 Bd6
40. Nxd6 Qf3 41. Nd4 Qf4 42. Ne4 Ra8 43. Qe7 Rae8 44. Qd6 1-0

[Event "Pyramiden Cup 2015"]
[Site "Fuerth"]
[Date "2015.09.06"]
[Round "7.53"]
[White "Dreiseitel, Werner"]
[Black "Vogel, Karlheinz"]
[Result "0-1"]
[WhiteElo "1568"]
[BlackElo "1706"]
[PlyCount "44"]
[EventDate "2015.??.??"]
[WhiteTeam "SGem Fürth"]
[BlackTeam "SV Böckingen"]

1. d4 f5 2. Nf3 Nf6 3. Bf4 g6 4. h3 d6 5. Nc3 Bg7 6. e3 O-O 7. Bc4+ e6 8. Qe2
c6 9. O-O-O b5 10. Bb3 a5 11. a3 a4 12. Ba2 d5 13. Ne5 Ba6 14. Qf3 Ne4 15. Nb1
Qe7 16. h4 b4 17. axb4 Qxb4 18. c3 Qa5 19. Nd2 Bxe5 20. dxe5 Nxc3 21. bxc3
Qxc3+ 22. Kb1 Bd3# 0-1

[Event "Pyramiden Cup 2015"]
[Site "Fuerth"]
[Date "2015.09.06"]
[Round "7.54"]
[White "Wieczorek, Heinz"]
[Black "Boese, Christina"]
[Result "1-0"]
[WhiteElo "1806"]
[BlackElo "1499"]
[PlyCount "81"]
[EventDate "2015.??.??"]
[WhiteTeam "SW Nürnberg Süd"]
[BlackTeam "SC Bechhofen"]

1. e4 c6 2. d4 d5 3. e5 Bf5 4. Nf3 e6 5. Be2 Nd7 6. O-O Ne7 7. Nbd2 c5 8. c3
Nc6 9. Nb3 c4 10. Nbd2 Be7 11. Re1 O-O 12. Nf1 b5 13. Ne3 Bg6 14. g3 a5 15. Ng2
b4 16. Nfh4 Qb6 17. Nxg6 hxg6 18. Nf4 a4 19. Bg4 Nd8 20. Nxd5 exd5 21. Bxd7 Nc6
22. Qf3 Qb5 23. e6 fxe6 24. Bxe6+ Kh8 25. Qg4 Rf5 26. Bxf5 gxf5 27. Qxf5 Rf8
28. Qh3+ Kg8 29. Qd7 Bf6 30. Qe6+ Kh8 31. Bf4 Nd8 32. Qd6 Rg8 33. Be5 Nf7 34.
Qxb4 Qxb4 35. cxb4 Nxe5 36. dxe5 Be7 37. a3 d4 38. Kf1 d3 39. Re4 Rc8 40. Ke1
Bd8 41. Rc1 1-0

[Event "Pyramiden Cup 2015"]
[Site "Fuerth"]
[Date "2015.09.06"]
[Round "7.55"]
[White "Walch, Roger"]
[Black "Dreiseitel, Ursula"]
[Result "0-1"]
[WhiteElo "1733"]
[BlackElo "1476"]
[PlyCount "92"]
[EventDate "2015.??.??"]
[WhiteTeam "SW Nürnberg Süd"]
[BlackTeam "SGem Fürth"]

1. e4 c5 2. Nf3 Nc6 3. d4 cxd4 4. Nxd4 Nf6 5. Nc3 a6 6. Be3 g6 7. Qd2 Ng4 8.
Nxc6 bxc6 9. Bc5 d6 10. Bc4 Ne5 11. Bxf7+ Nxf7 12. Be3 Bg7 13. O-O O-O 14. Rad1
Rb8 15. b3 Bb7 16. Ba7 Ra8 17. Be3 c5 18. Nd5 h6 19. f3 Kh7 20. Nf4 Qc8 21. c4
Ne5 22. h4 Bf6 23. h5 g5 24. Nd5 Rb8 25. Qe2 g4 26. f4 Nf7 27. f5 g3 28. Nxf6+
exf6 29. Bf4 Qc6 30. Rd5 Rfe8 31. Qg4 Rg8 32. Qh4 Ng5 33. Bxd6 Rbd8 34. Rfd1
Rge8 35. Qxg3 Rxe4 36. Rxc5 Qe8 37. Rc7+ Rd7 38. Qc3 Rxc7 39. Bxc7 Qe7 40. Bd8
Qe8 41. Bxf6 Re2 42. Rd2 Re1+ 43. Kh2 Ne4 44. Qf3 Qf7 45. Rd8 Nxf6 46. Qh3 Qc7+
0-1

[Event "Pyramiden Cup 2015"]
[Site "Fuerth"]
[Date "2015.09.06"]
[Round "7.56"]
[White "Dresel, Martin"]
[Black "Heinrich, Leon"]
[Result "1-0"]
[WhiteElo "1699"]
[BlackElo "1612"]
[PlyCount "109"]
[EventDate "2015.??.??"]
[WhiteTeam "SC Erlangen"]
[BlackTeam "SW Nürnberg Süd"]

1. d4 c5 2. d5 Nf6 3. c4 b5 4. cxb5 a6 5. e3 e6 6. Nc3 Bb7 7. dxe6 fxe6 8. bxa6
Bxa6 9. Bxa6 Nxa6 10. Nf3 d5 11. O-O Be7 12. Qa4+ Nd7 13. Ne5 Nb4 14. Qxd7+
Qxd7 15. Nxd7 Kxd7 16. Rd1 Bf6 17. Rd2 Ke7 18. a3 Rhd8 19. Rb1 Nc6 20. Ne2 e5
21. Nc3 Ke6 22. Nb5 Rd7 23. Nc3 d4 24. Ne4 Be7 25. exd4 exd4 26. Re2 Kf5 27.
Bd2 Rb8 28. h3 d3 29. Re3 c4 30. Bc3 Bf8 31. Rbe1 Nd4 32. Ng3+ Kg6 33. Re4 Nc2
34. Rd1 Rc8 35. Nf1 Be7 36. Ne3 Nxe3 37. Rxe3 Bf6 38. Bxf6 gxf6 39. Rd2 Rdc7
40. g4 c3 41. bxc3 Rxc3 42. a4 Ra3 43. a5 Rxa5 44. Rexd3 Rc7 45. Kg2 h5 46. Rd6
hxg4 47. hxg4 Rg5 48. Kg3 Re5 49. Ra2 Rc3+ 50. Kg2 Kg5 51. f3 Ree3 52. Rf2 Rb3
53. Rd5+ Kg6 54. Rf5 Rbc3 55. Rd2 1-0

[Event "Pyramiden Cup 2015"]
[Site "Fuerth"]
[Date "2015.09.06"]
[Round "7.57"]
[White "Oberley, Karl-Heinz"]
[Black "Braun, Kristin"]
[Result "0-1"]
[WhiteElo "1143"]
[BlackElo "1735"]
[PlyCount "28"]
[EventDate "2015.??.??"]
[WhiteTeam "SK Ingolstadt"]
[BlackTeam "SC Forchheim"]

1. e4 d5 2. exd5 Nf6 3. c4 c6 4. dxc6 Nxc6 5. Be2 e5 6. d3 Bf5 7. a3 Bc5 8. Nf3
Qb6 9. O-O O-O-O 10. Qc2 Ng4 11. Bd1 Bxd3 12. Qb3 Bxf1 13. Qxb6 Bxb6 14. Kxf1
Rxd1+ 0-1

[Event "Pyramiden Cup 2015"]
[Site "Fuerth"]
[Date "2015.09.06"]
[Round "7.58"]
[White "Im Brook, Jens"]
[Black "Spinnler, Wolfgang"]
[Result "1/2-1/2"]
[WhiteElo "1500"]
[BlackElo "1650"]
[PlyCount "22"]
[EventDate "2015.??.??"]
[WhiteTeam "SF Rot"]
[BlackTeam "SC Landskrone"]

1. e4 d5 2. exd5 Qxd5 3. Nc3 Qd6 4. d4 Nf6 5. Nf3 a6 6. Bg5 b5 7. Bxf6 Qxf6 8.
h3 Bb7 9. Be2 e6 10. Qd2 Bd6 11. O-O-O O-O 1/2-1/2